000 00643 a2200217 4500
020 _a0-07-707708-3
020 _a0-07-112946-4
040 _aDLC
_bDLC
082 _a621.31042
082 _a621.310 42
082 _a621.310 42
100 1 _aFitzgerald, Arthur E.
245 0 0 _aElectric machinery
_cA. E. Fitzgerald, Charles Kingsley, Jr., Stephen D. Umans
250 _a5th [rev.] ed. in SI units
260 _aNew York :
_bMcGraw-Hill,
_c1992
300 _a599 s.
440 0 _aMcGraw-Hill series in electrical engineering.
700 1 _aKingsley, Charles,
_d1904-1994
700 1 _aUmans, Stephen D.
942 _cBK
_k621.31042 FIT
_2ddc
999 _c4511
_d4511